Nosové polypy a ich liečba topickými kortikosteroidmi

Bibliographic Details
Main Author: Koller, Ladislav (Author)
Format: Article
Language:Slovak
Subjects:

MARC

LEADER 00000nab a2200000 a 4500
001 vtls008409103
003 SK-MaSNL
005 20260303070123.0
008 140303c2005 xo wrzp 0 0slo
015 |a SNBRB2005/09  |2 snkbucl 
040 |a SNKBUCL  |b slo  |c SNKBUCL  |e AACR2 
041 0 |a slo 
044 |a xo  |c SK 
080 |a 616.21-006.5-085  |2 1997 
080 |a 615.36  |2 1997 
100 1 |a Koller, Ladislav  |4 aut  |9 12127 
245 1 0 |a Nosové polypy a ich liečba topickými kortikosteroidmi  |c Ladislav Koller 
300 |b Fotogr. 
650 0 7 |a polypy nosové  |x farmakoterapia  |2 snkbucl  |9 839898 
650 0 7 |a kortikosteroidy topické  |2 snkbucl  |9 1067100 
773 0 |t Zdravotnícke noviny  |g Roč. X, č. 26 (2005)  |x 1335-4477 
773 0 8 |t Lekárske listy  |g Č. 26 (2005), s. 8 
852 |a SNK  |b KIS3GCP 
958 |a ME  |2 snkbucl 
999 |c 1754021  |d 1755951